000 00825nam a22001937a 4500
005 20171221163926.0
010 _aUR-9979
020 _c300.00
_a-
035 _aU-8534
037 _bDBAD/PUB
100 _aضا من علی حسرت
245 _a ٹی مطا لہ غو ث خو ا ہ مخوا ہ ا و ر ا نکے چند همعصرشعرآ کی طنزیہ و مز ا حیہ شا عر ی کا تجز یا
_cضا من علی حسرت
246 _bGhos KhuahMukhah Aur Unke Chand Humaser ShuaraKi Tanzia wa Mazahia Shaiyri Ka Tajaziati Mutalah
_aby Zamin Ali Hasrat
260 _aTilangana
_bضا من علی حسرت
_c2015
270 _a9-16-60,Ahmad Pura Colony,
_bTilangana
_e18
_k9440882330
_l-
300 _a266ص
_c22 Cm.(B.b)
500 _aدو حصہ
942 _2ddc
_cUR
_h841
_mح س ر
999 _c148203
_d148203